01181cam a22002771 450000100100000000500170001000800410002701000130006803500190008104000320010004200120013205000170014410000450016124500470020626000690025330000380032249000280036050501940038865000610058265000680064365000200071191000330073108200110076495201110077599900170088600001968820200929170114.0770805s1939 ag 000 0 spa  a40001821 a(OCoLC)3163074 aDO-SdBNPcVtMiMdOCoLCdDLC apremarc00aPQ6089b.M332 aMenendez Pidal, Ramon,d1869-1968.9390214aLos romances de America, y otros estudios. aBuenos Aires-aMexico, :bEspasa-Calpe argentina, s.a.,c[1939]. a2 p. l., 7-187 p., 1 l. ;c18 cm.0 aColeccion austral. [55]0 aLos romances tradicionales en America.--Poesia popular y poesia tradicional en la literatura espanola.--Los origenes del romancero.--Un nuevo romance fronterizo.--El lenguaje del siglo XVI. 0aSpanish ballads and songsxHistory and criticism.942134 0aLatin-american ballads and songsxHistory and criticism.942135 0aBallads.942136 aCatalogación derivada / LC a861.04 001050718MOaGRbGRcCTd2010-07-02iLF1l0o861.04 p19688-10r2020-06-25w2020-06-25y1ZNo se presta c19203d19203